Переписка Постоянного совета с уполномоченными об организации XI съезда уполномоченных, списки уполномоченных, регистрационные с...

Доступно только в Электронных читальных залах Найти на картеНа карте
RUSMARC
00004766nmc2a22003131x 450
001c764ba51-bd4b-46d0-b8e2-871b0a434a4b
00520131031050434.0
100##$a20130605l19141915k y0rusy50 ca
1010#$arus
102##$aRU
105##$aa z |||e|
1222#$ad19140906
$ad19151212
2001#$aПереписка Постоянного совета с уполномоченными об организации XI съезда уполномоченных, списки уполномоченных, регистрационные списки заседаний съезда, протоколы заседаний съезда, решения съезда, проект обращения к Николаю II, письма Постоянного совета к Борну П. Л., к Горемыкину И. Л. о решениях съезда
$j6 сентября 1914 - 12 декабря 1915
215##$a656 листов
$cмарки, табл.
251##$cДело
300##$aВ деле имеются телеграммы
300##$aЛисты: 45, 50, 55, 57, 59, 62, 67, 76, 80, 83, 84, 86, 88 - конверты, марки почтовые; 37 - следы от наклеенной марки
300##$aЧасть документов напечатана типографским способом, часть - на пишущей машинке, часть - рукописная
330##$aI. Материалы съездов объединенных дворянских обществ /1906-1917 гг./
461#0$1001b6db1e6b-efcc-4108-961b-a8f75be6354f
$12001
$aПостоянный совет объединенных дворянских обществ
$1251
$cФонд
$1852
$j434
462#0$1001376737bd-14a2-4097-a3d5-a02b2aa0e2d3
$12001
$aПостоянный совет объединенных дворянских обществ. 1906-1917 гг.
$1251
$cОпись
$1852
$j1
600#1$aБорн
$bП. Л.
600#1$aГоремыкин
$bИ. Л.
600#0$aНиколай
$cимп.
$dII
60102$3RU\NLR\AUTH\8810165427
$aПостоянный совет объединенных дворянских обществ
$cПетербург
60112$3RU\NLR\AUTH\8810165611
$aСъезд уполномоченных дворянских обществ
$d11
$f1915
$eСанкт-Петербург
801#0$aRU
$bGA_RF
801#1$aRU
$bНПО Опыт
$c20130605
$2rusmarc
801#2$aRU
$bПБ им. Б.Н. Ельцина
$c20131031
$gRCR
$2rusmarc
852##$aГА РФ
$j41
937##$d40011349
$hПБ
035##$aRuPRLIB51006764
Формат отображения